Apuntes sobre aves colombianas (Registro nro. 14391)

Detalles MARC
000 -CABECERA
Campo de control 003370000a22001210004500
090 ## - CLASIFICACIÓN LOCAL
Colección AS
Consecutivo Seriadas
041 0# - IDIOMA
Código de idioma para texto/pista de sonido o título separado
100 1# - ASIENTO PRINCIPAL--NOMBRE PERSONAL
Nombre personal Borrero H., José Ignacio
245 10 - MENCION DE TITULO
Título Apuntes sobre aves colombianas
700 1# - ASIENTO SECUNDARIO - NOMBRE PERSONAL
Nombre personal Hernández Camacho, Jorge Ignacio
773 1# - Item fuente:
Título Caldasia
Especificación de materiales 45
Descripción física 37
Paginas del Articulo 253-294
Lugar, editorial y fecha de publicación 1958
Información sobre la relación 8
942 ## - ELEMENTOS ADICIONALES (KOHA)
Tipo de ítem Artículo

No hay ítems disponibles.